Let You Break My Heart Again - Laufey - Statistics

General Stats
  • This quiz has been taken 237 times
  • The average score is 162 of 197
Answer Stats
Hint Answer % Correct
I
98%
you
98%
my
95%
coffee
94%
again
92%
break
92%
heart
92%
in
91%
let
91%
Let
91%
love
91%
then
91%
Then
91%
with
91%
day
90%
pie
90%
stop
90%
will
90%
and
89%
falling
89%
we
89%
I'll
88%
of
88%
Chorus One
88%
Some
88%
that
88%
Eat
87%
friends
87%
me
87%
more
87%
More
87%
to
87%
drink
86%
like
86%
than
86%
kind
85%
Pretend
85%
sick
85%
Until
85%
All
84%
all
84%
are
84%
Verse 1 Feeling
84%
is
84%
had
83%
leftover
83%
no
83%
Someone
83%
someone
83%
tonight
83%
why
83%
It's
82%
wonder
82%
I've
81%
course
80%
do
79%
don't
74%
think
71%
take
68%
tried
66%
mind
65%
even
64%
Heaven
64%
knows
64%
up
64%
care
63%
Still
62%
should
60%
What
60%
just
55%
Verse 2 I'm
54%
be
52%
understand
52%
am
50%
songs
50%
exchanged
46%
Midnight
46%
But
45%
mean
45%
we've
45%
calls
43%
cry
43%
thinking
43%
tryna
42%
get
41%
If
40%
knew
40%
only
40%
Sunset
40%
confused
38%
overwhelmed
38%
Promise
37%
felt
36%
views
33%
No matching quizzes found
Score Distribution
Percent of People with Each Score
Percentile by Number Answered
Your Score History
You have not taken this quiz